Joy Adamson: Friends from the Forest. (Record no. 603537)

MARC details
000 -LEADER
fixed length control field 00439nam a2200145Ia 4500
008 - FIXED-LENGTH DATA ELEMENTS--GENERAL INFORMATION
fixed length control field 100415s9999 xx 000 0 und d
082 ## - DEWEY DECIMAL CLASSIFICATION NUMBER
Item number 20655
Classification number 599.82
100 ## - MAIN ENTRY--PERSONAL NAME
Personal name HUXLEY, JULIET(FOREWORD)
245 ## - TITLE STATEMENT
Title Joy Adamson: Friends from the Forest.
260 ## - PUBLICATION, DISTRIBUTION, ETC. (IMPRINT)
Place of publication, distribution, etc LONDON
Date of publication, distribution, etc 1981
Name of publisher, distributor, etc COLLINS AND HARVILL PRESS
365 ## - TRADE PRICE
Price amount 30
630 ## - SUBJECT ADDED ENTRY--UNIFORM TITLE
Uniform title Joy Adamson: Friends from the Forest.
730 ## - ADDED ENTRY--UNIFORM TITLE
Uniform title Joy Adamson: Friends from the Forest.
942 ## - ADDED ENTRY ELEMENTS (KOHA)
Koha item type Book
Holdings
Withdrawn status Lost status Damaged status Not for loan Home library Current library Date acquired Cost, normal purchase price Total Checkouts Full call number Barcode Date last seen Price effective from Koha item type
        Bombay Natural History Society Bombay Natural History Society 09/23/2003 30.00   599.82 20655 BNHS-20655 04/15/2010 04/15/2010 Book